banner-ar

العلوم المسلية : (Record no. 61228)

MARC details
000 -الفاتح
حقل البيانات ثابتة الطول 01254nam a22002897a 4500
005 - وقت وتاريخ اخر تعامل مع التسجيلة
رقم الضبط 20240530110450.0
008 - عناصر البيانات ثابتة الطول - معلومات عامة
حقل البيانات ثابتة الطول 150505s2009 ua ao a 000 0 ara d
017 ## - رقم الايداع القانونى
رقم الايداع القانونى 2008/17971
المصدر ( الهيئة المختصة) مصر . دار الكتب المصرية
020 ## - الرقم الدولى المعيارى للكتب
الرقم الدولى المعيارى للكتاب 9789770925194
040 ## - مصدر الفهرسة
وكالة الفهرسة الأصلية EG-CaGPL
082 04 - رقم تصنيف ديوى العشرى
رقم الطبعة 21
رقم التصنيف 507.8
رقم المادة ط/ج ع
100 1# - المدخل الرئيسى - إسم شخصى
الإسم الشخصى جلين ، ريبيكا
245 12 - بيان العنوان
العنوان العلوم المسلية :
بقية العنوان اكثر من 90 تجربة علمية مدهشة /
بيان المسئوليه,etc اعداد ريبيكا جلين ، ليونى برات ؛ ترجمة محمد حلاوة ؛ تحرير رحاب بسام ؛ تصميم و رسوم جوسفين طومسون
250 ## - بيان الطبعة
بيان الطبعة ط1
260 ## - PUBLICATION, DISTRIBUTION, ETC. (IMPRINT)
تاريخ النشر أو التوزيع 2009 .
300 ## - الوصف المادى
التعداد 95 ص :
تفاصيل ماديه اخرى للوعاء صور ؛
أبعاد الوعاء 24 سم .
650 04 - المدخل الاضافى بالموضوع-مصطلح موضوعى
مصطلح موضوعي تعليم الاطفال
650 04 - المدخل الاضافى بالموضوع-مصطلح موضوعى
مصطلح موضوعي كتب الاطفال
650 04 - المدخل الاضافى بالموضوع-مصطلح موضوعى
مصطلح موضوعي العلوم
التقسيم الفرعي العام تجارب
-- كتب الاطفال
650 04 - المدخل الاضافى بالموضوع-مصطلح موضوعى
مصطلح موضوعي تصميم التجارب
التقسيم الفرعي العام كتب الاطفال
700 1# - المدخل الاضافى - اسم شخصى
الإسم الشخصى برات ، ليونى
الدور مؤلف مشارك
700 0# - المدخل الاضافى - اسم شخصى
الإسم الشخصى محمد حلاوة
الدور مترجم
700 0# - المدخل الاضافى - اسم شخصى
الإسم الشخصى رحاب بسام
الدور محرر
700 1# - المدخل الاضافى - اسم شخصى
الإسم الشخصى طومسون ، جوسفين
الدور مصصم و رسام
942 ## - عناصر المدخل الإضافي( كوها)
مصدر التصنيف او مخطط الترفيف Dewey Decimal Classification
Koha [default] item type كتاب
260 ## - PUBLICATION, DISTRIBUTION, ETC. (IMPRINT)
-- القاهرة :
-- دار الشروق ،
Holdings
حالة التراجع حالة الفقد حالة تلف ليس للاعارة المكان المؤقت الموقع الحالى تاريخ الاكتساب اجمالي اﻻعارات رقم الطلب الباركود تاريخ اخر مشاهدة تاريخ تفعيل السعر نوع وعاء كوها
        مكتبة القاهرة الكبرى مكتبة القاهرة الكبرى 05/05/2015   507.8 ط/ج ع 160473 05/05/2015 05/05/2015 كتاب

Powered By

EGPV